000 00690nam a2200193Ii 4500
003 JO-AjNU
008 230605s9999||||xx |||||||||||||| ||und||
040 _aJO-AjNU
_bara
_erda
_cJO-AjNU
041 _aara
050 1 4 _aBP136.4.F55 1979
100 3 _aالهندي، محمد ظاهر بن علي,
_eauthor
_917852
245 0 0 _aتذكرة الموضوعات: وفي ذيلها قانون الموضوعات والضعفاء
264 3 1 _aد.م: د.ن، 1979
300 _a310ص
_bيشتمل على فهرست
336 _atext
_btxt
_2rdacontent
337 _aunmediated
_bn
_2rdamedia
338 _avolume
_bnc
_2rdacarrier
650 4 _aالحديث الموضوع - الحديث
_917853
999 _aA5601
_c9169
_d9169